| 000 | 00605nam a22001937a 4500 | ||
|---|---|---|---|
| 003 | OSt | ||
| 005 | 20140310181757.0 | ||
| 008 | 130701t xxu||||| |||| 00| 0 eng d | ||
| 020 | _a9715082858 | ||
| 050 |
_aPN 6071 _b.M199 2006 |
||
| 082 |
_aFIL 398.21599 _bM27 2006 |
||
| 100 | _aMagnuson, Robert | ||
| 245 |
_aDiego and Marie presents a secret sense of home : _cRobert Magnuson. _ban early science adventure / |
||
| 260 |
_aQuezon City, Philippines : _bAdarna House, _c2006. |
||
| 300 |
_a28 p. : _bcol. ; _c23 cm. |
||
| 650 |
_aChildren stories _xPhilippines. |
||
| 942 |
_2lcc _cBK |
||
| 999 |
_c3476 _d3476 |
||